00536nam a2200193Ia 450000500170000000800410001702000150005808200130007310000130008624500280009925000080012726000400013530000120017565000150018765000240020294200060022695200950023299900150032720240607050615.0240331s9999 xx 000 0 und d a9844670454 bAKHa363 aAKhter,F 0aDepopulating Bangladesh a3rd aDhakabNarigrantha Prabartanac2005 a254 p., aDepopulate aReproductive Rights cL 001040708LaWERCLbWERCLcSSCd2024-03-31l0o 363 AKHp6511r2024-03-31w2024-03-31yL c4543d4543